000 00305nam a22001337a 4500
008 190306b xxu||||| |||| 00| 0 eng d
020 _a9781582551593
041 _aeng
080 _22nd
_a610
100 _a4
101 _aSHM
245 _aHandbook of Signs & Symptoms
_cCrawford, M,H
942 _2udc
_cBK
999 _c54623
_d54623